Dictamen Fiscal De acuerdo con las Normas Internacionales de Auditora̕ /

Detalles Bibliográficos
Autor principal: Lp̤ez Cruz, Fernando
Formato: eBook
Lenguaje:español
Publicado: Ciudad de Mx̌ico: Instituto Mexicano de Contadores Pb︢licos, 2020
Materias:
Acceso en línea:Acceso restringido

MARC

LEADER 00000nam a22000007a 4500
005 20201028223054.0
007 cr|||| ||||
008 201028s2020 mx |||||s|||| 00||0 spa d
020 |a 978-607-563-073-1 
035 |a 32201 
040 |a vLex 
090 |c 10801  |d 10801 
100 1 |a Lp̤ez Cruz, Fernando 
245 1 0 |a Dictamen Fiscal  |h [Recurso electrn̤ico] :  |b De acuerdo con las Normas Internacionales de Auditora̕ /  |c Fernando Lp̤ez Cruz 
256 |a Servicio en ln̕ea 
260 |a Ciudad de Mx̌ico:  |b Instituto Mexicano de Contadores Pb︢licos,  |c 2020 
300 |a 1 recurso electrn̤ico 
506 1 |a Disponible solo en los productos indicados  |d vLex Global  |d vLex Global (Academic Edition, excluding Law Schools)  |d vLex Global (U.S. Academic Edition, Law Schools)  |d vLex Global (U.S. Academic Edition, excluding Law Schools)  |d vLex Global (Academic Edition, Law Schools) 
650 0 4 |a Derecho Fiscal  |z Mx̌ico 
650 0 4 |a Inspeccin̤ tributaria  |z Mx̌ico 
740 0 |a vLex Libros (Servicio en ln̕ea) 
856 4 0 |u http://vlex.com/source/dictamen-fiscal-de-acuerdo-con-las-normas-internacionales-de-auditoria-32201  |z Acceso restringido 
942 |c BOOK 
999 0 |a Tax Law 
999 0 |a Tax inspection